| 000 | 00774nab a2200241 u 4500 | ||
|---|---|---|---|
| 001 | 17887 | ||
| 003 | HDC | ||
| 007 | cr bn ---aaaaa | ||
| 008 | 210225c20110211xx dr|noo 0 a eng d | ||
| 040 | _aHDC | ||
| 245 | 0 | _aMideast tops world in 2010 Aussie lamb sales | |
| 260 |
_a[No place] : _b[publisher not identified], _c2011 |
||
| 336 |
_atext _2rdacontent |
||
| 337 |
_acomputer _2rdamedia |
||
| 338 |
_aonline resource _2rdacarrier |
||
| 650 |
_alamb export _917057 |
||
| 650 |
_ameat industry _92353 |
||
| 710 | _aHalal focus | ||
| 856 | _zRequest full-text at [email protected] | ||
| 942 | _2lcc | ||
| 942 | _cNEWS | ||
| 942 | _kNWSO 005986 | ||
| 999 |
_c15203 _d15203 |
||